000
00296nam a2200109 4500
008
160702b xxu||||| |||| 00| 0 eng d
100
_9
1780
_a
Shankar, G
245
_a
English Grammer & Composition
260
_a
NEW DELHI
_b
Arya
_c
2004
300
_a
English Grammer & Composition
942
_2
ddc
_c
BK
999
_c
1484
_d
1484